000 00583nam a2200217Ia 4500
005 20250108124821.0
008 008 250107s9999 xx 000 0 eng d
037 _aTB
040 _aCRL
_beng
_cCRL
041 _aeng
_2eng
084 _aTN6.2 P3
084 _qCRL
100 _aChander Shekhar Au.
_9552882
245 0 _aIndian cultural imperints in Uzbekistan
_cChander Shekhar Au.
260 _aTashkent, India
_bEmbassy of India
_c2297
300 _a146p.
365 _aINR
_b120
650 _aSOCIOLOGY
942 _cTB
_hTN6.2 P3
999 _c1234685
_d1234685